The nicest newt / (Record no. 2272)

MARC details
000 -LEADER
fixed length control field 00705nam a22002297a 4500
005 - DATE AND TIME OF LATEST TRANSACTION
control field 20231114122350.0
020 ## - INTERNATIONAL STANDARD BOOK NUMBER
International Standard Book Number 078073165377
040 ## - CATALOGING SOURCE
Original cataloging agency FISKH
Language of cataloging eng
Transcribing agency FISKH
Modifying agency FISKH
082 ## - DEWEY DECIMAL CLASSIFICATION NUMBER
Classification number 371
100 ## - MAIN ENTRY--PERSONAL NAME
Personal name Feldman, Heather
245 ## - TITLE STATEMENT
Title The nicest newt /
Statement of responsibility, etc. Alphatales Nn BY HEATHER FELDMAN ILLUSRATED BY PAUL HARVEY
260 ## - PUBLICATION, DISTRIBUTION, ETC.
Place of publication, distribution, etc. New York :
Name of publisher, distributor, etc. Scholastic,
Date of publication, distribution, etc. 2001
300 ## - PHYSICAL DESCRIPTION
Extent 16 pages :
Dimensions 25 cm
490 ## - SERIES STATEMENT
Materials specified Alphatales
505 ## - FORMATTED CONTENTS NOTE
Formatted contents note F
520 ## - SUMMARY, ETC.
Summary, etc. Learning the ABCs is loads of fun with this totally charming collection of alliterative stories. Alpha Tales.
521 ## - TARGET AUDIENCE NOTE
Target audience note 300
Source Lexile estimate
521 ## - TARGET AUDIENCE NOTE
Target audience note F
Source Raz-Plus
700 ## - ADDED ENTRY--PERSONAL NAME
Personal name Harvey, Paul
Relator term illustrator
942 ## - ADDED ENTRY ELEMENTS (KOHA)
Source of classification or shelving scheme Dewey Decimal Classification
Koha item type Books
Suppress in OPAC No
999 ## -
-- 2272
-- 2272
Holdings
Withdrawn status Lost status Source of classification or shelving scheme Damaged status Not for loan Collection Home library Current library Shelving location Date acquired Total Checkouts Full call number Barcode Date last seen Date last checked out Price effective from Koha item type
    Dewey Decimal Classification Damaged   Juvenile Fiction Footprints International School Library Network Toul Kork Campus Footprints International School Library Network Toul Kork Campus TK Primary Library Room(4th Floor), Bookcase 7, Shelves 57-60, Dark Green Books 11/14/2023 1 FEL 371 2023-0745 01/24/2024 01/04/2024 11/14/2023 Books